[Event "Niedersachsen-ch op-B"]
[Site "Verden an der Aller"]
[Date "2020.01.02"]
[Round "1"]
[White "Santos, Jose"]
[Black "Nautsch, Thomas"]
[Result "1-0"]
[WhiteElo "1751"]
[BlackElo "1528"]
[PlyCount "85"]
[EventDate "2020.01.02"]
[EventType "swiss"]
[EventRounds "7"]
[EventCountry "GER"]
[SourceTitle "EXT 2023"]
[Source "ChessBase"]
[SourceDate "2022.10.05"]
[SourceVersion "1"]
[SourceVersionDate "2022.10.05"]
[SourceQuality "1"]

1. d4 e6 2. Nf3 b6 3. Nbd2 Bb7 4. e3 Nf6 5. Bd3 c5 6. c3 d5 7. Ne5 c4 8. Bc2 Bd6 9. f4 0-0 10. 0-0 Nbd7 11. Qf3 Rb8 12. g4 h6 13. h4 Ne4 14. Nxd7 Qxd7 15. Nxe4 dxe4 16. Bxe4 Bxe4 17. Qxe4 Qb7 18. Qxb7 Rxb7 19. Kf2 f6 20. Bd2 g5 21. Kg3 Kg7 22. e4 Rbf7 23. hxg5 hxg5 24. Kg2 Kg6 25. fxg5 fxg5 26. e5 Be7 27. Rxf7 Rxf7 28. Rf1 Rh7 29. Rh1 Rf7 30. Rh8 Rf8 31. Rxf8 Bxf8 32. Kf3 b5 33. Ke4 Be7 34. d5 exd5+ 35. Kxd5 Kf7 36. Be3 a6 37. b3 cxb3 38. axb3 a5 39. c4 a4 40. cxb5 a3 41. b6 a2 42. Bd4 Bd8 43. Kc6 1-0

[Event "Niedersachsen-ch op B"]
[Site "Verden"]
[Date "2019.01.05"]
[Round "6"]
[White "Santos, Jose"]
[Black "Lossin, Charlotte"]
[Result "1-0"]
[WhiteElo "1761"]
[BlackElo "1557"]
[PlyCount "97"]
[EventDate "2019.01.03"]
[EventType "swiss"]
[EventRounds "7"]
[EventCountry "GER"]
[SourceTitle "EXT 2022"]
[Source "ChessBase"]
[SourceDate "2021.10.06"]
[SourceVersion "1"]
[SourceVersionDate "2021.10.06"]
[SourceQuality "1"]

1. d4 d5 2. Nf3 c6 3. e3 e6 4. Bd3 f5 5. 0-0 Bd6 6. c4 Nf6 7. b3 0-0 8. Ba3 Bxa3 9. Nxa3 Nbd7 10. cxd5 cxd5 11. Rc1 Ne4 12. Nb5 Ndf6 13. Ne5 g5 14. f3 Nd6 15. Nxd6 Qxd6 16. Rc3 Bd7 17. Qe2 h5 18. Rfc1 Rac8 19. R1c2 Rxc3 20. Rxc3 a6 21. Qc2 Ne8 22. a4 g4 23. fxg4 hxg4 24. Qf2 Qe7 25. Qf4 Qg7 26. Rc1 Rf6 27. Kh1 Kf8 28. Be2 Ke7 29. Nxd7 Kxd7 30. Qb8 Ke7 31. Qxb7+ Kf8 32. Qxg7+ Kxg7 33. Bxa6 Rf7 34. g3 Ra7 35. Bd3 Rb7 36. Rc3 Kf6 37. Kg2 Nd6 38. h4 gxh3+ 39. Kxh3 Nf7 40. a5 Ng5+ 41. Kg2 e5 42. a6 Ra7 43. b4 exd4 44. exd4 Ne4 45. Rc6+ Ke7 46. b5 Kd8 47. b6 Rg7 48. Bxe4 dxe4 49. a7 1-0

[Event "Niedersachsen-ch op B"]
[Site "Verden"]
[Date "2019.01.03"]
[Round "1"]
[White "Pfeifer, Frank"]
[Black "Santos, Jose"]
[Result "1-0"]
[WhiteElo "1474"]
[BlackElo "1761"]
[PlyCount "65"]
[EventDate "2019.01.03"]
[EventType "swiss"]
[EventRounds "7"]
[EventCountry "GER"]
[SourceTitle "EXT 2022"]
[Source "ChessBase"]
[SourceDate "2021.10.06"]
[SourceVersion "1"]
[SourceVersionDate "2021.10.06"]
[SourceQuality "1"]

1. e4 c5 2. Nc3 Nc6 3. f4 g6 4. g3 Bg7 5. Nge2 d6 6. Bg2 e6 7. d3 Nge7 8. 0-0 0-0 9. h3 d5 10. e5 a6 11. g4 f6 12. exf6 Bxf6 13. Ng3 Qc7 14. Nce2 Bd7 15. c3 Rad8 16. Be3 b6 17. g5 Bg7 18. h4 e5 19. h5 exf4 20. Nxf4 d4 21. Bd2 Be5 22. hxg6 Nxg6 23. Qb3+ Kh8 24. Nxg6+ hxg6 25. Ne4 Kg7 26. Rae1 Bf5 27. Rf3 Bh2+ 28. Kf1 Bh3 29. Nf6 Bxg2+ 30. Kxg2 Bd6 31. Rh3 Rh8 32. Reh1 Qb8 33. Rh7+ 1-0

[Event "Niedersachsen-ch op B"]
[Site "Verden"]
[Date "2018.01.05"]
[Round "3"]
[White "Santos, Jose"]
[Black "Reimer, Philip"]
[Result "1-0"]
[WhiteElo "1783"]
[BlackElo "1580"]
[PlyCount "93"]
[EventDate "2018.01.04"]
[EventType "swiss"]
[EventRounds "7"]
[EventCountry "GER"]
[SourceTitle "EXT 2022"]
[Source "ChessBase"]
[SourceDate "2021.10.06"]
[SourceVersion "1"]
[SourceVersionDate "2021.10.06"]
[SourceQuality "1"]

1. d4 Nf6 2. Nf3 d5 3. e3 Bg4 4. h3 Bh5 5. g4 Bg6 6. Ne5 e6 7. h4 Nfd7 8. Nxd7 Nxd7 9. h5 Be4 10. f3 Be7 11. Qe2 c5 12. fxe4 Bh4+ 13. Kd1 cxd4 14. exd4 dxe4 15. Qxe4 Nc5 16. Bb5+ Kf8 17. Qe5 Rc8 18. Bf4 Kg8 19. Nd2 Bf6 20. Qd6 Qa5 21. Be2 Na4 22. Rb1 Rd8 23. Qc7 Qd5 24. Rf1 Qxd4 25. Ke1 Bh4+ 26. Kd1 Nxb2+ 27. Kc1 Na4 28. Nb3 Qc3 29. Rd1 Qxc7 30. Bxc7 Bg5+ 31. Nd2 Nc3 32. Bxd8 Nxe2+ 33. Kb2 Bxd8 34. Ne4 Bb6 35. Rd2 Nf4 36. Rbd1 h6 37. Rd7 Nd5 38. Rxb7 Kh7 39. Rf1 Rc8 40. Rfxf7 Bd4+ 41. Kb3 Kg8 42. c4 Ne3 43. Rfd7 Rxc4 44. Rd8+ Kh7 45. Rbb8 g6 46. Rd7+ Bg7 47. Nf6# 1-0

[Event "Niedersachsen-ch op B"]
[Site "Verden"]
[Date "2018.01.04"]
[Round "2"]
[White "Bischoff, Norbert"]
[Black "Santos, Jose"]
[Result "0-1"]
[WhiteElo "1534"]
[BlackElo "1783"]
[PlyCount "82"]
[EventDate "2018.01.04"]
[EventType "swiss"]
[EventRounds "7"]
[EventCountry "GER"]
[SourceTitle "EXT 2022"]
[Source "ChessBase"]
[SourceDate "2021.10.06"]
[SourceVersion "1"]
[SourceVersionDate "2021.10.06"]
[SourceQuality "1"]

1. d4 Nf6 2. Bg5 c6 3. Bxf6 exf6 4. e3 d5 5. Bd3 Bd6 6. c3 g6 7. Qe2 f5 8. c4 Be6 9. c5 Bc7 10. b4 a6 11. Nf3 Nd7 12. Qb2 0-0 13. Nbd2 Re8 14. g3 Qe7 15. 0-0-0 Nf6 16. h4 Ne4 17. Bxe4 dxe4 18. Ng5 Bd5 19. Nh3 b6 20. Nf4 Bxf4 21. gxf4 h5 22. Nb3 a5 23. cxb6 Bxb3 24. axb3 Qxb4 25. Rd2 Rab8 26. Rc2 Qxb6 27. Rc4 Qa6 28. Qc3 Rb6 29. Kc2 Reb8 30. Rb1 Qb7 31. Ra4 Qe7 32. Rxa5 Qxh4 33. Qd2 Qg4 34. d5 cxd5 35. Rxd5 Qh4 36. Rd7 Qf6 37. Rd4 Ra6 38. Rb2 Rc8+ 39. Kd1 Ra1+ 40. Ke2 Qa6+ 41. Rc4 Rxc4 0-1

[Event "Niedersachsen-ch op-B"]
[Site "Verden"]
[Date "2016.01.05"]
[Round "5"]
[White "Santos, Jose"]
[Black "Ewert, Stefan"]
[Result "1/2-1/2"]
[WhiteElo "1748"]
[BlackElo "1875"]
[PlyCount "37"]
[EventDate "2016.01.03"]
[EventType "swiss"]
[EventRounds "7"]
[EventCountry "GER"]
[SourceTitle "EXT 2018"]
[Source "ChessBase"]
[SourceDate "2017.10.13"]
[SourceVersion "1"]
[SourceVersionDate "2017.10.13"]
[SourceQuality "1"]

1. d4 d5 2. Nf3 Bg4 3. e3 e6 4. h3 Bh5 5. g4 Bg6 6. Bd3 Bxd3 7. Qxd3 c6 8. Bd2 Bd6 9. Nc3 Qf6 10. e4 dxe4 11. Nxe4 Qe7 12. Nxd6+ Qxd6 13. 0-0-0 Nd7 14. Bg5 Ngf6 15. Qe2 h6 16. Bh4 Qf4+ 17. Kb1 Qe4 18. Rhe1 Qxe2 19. Rxe2 1/2-1/2

[Event "Niedersachsen-ch op-B"]
[Site "Verden"]
[Date "2016.01.04"]
[Round "4"]
[White "Merettig, Georg"]
[Black "Santos, Jose"]
[Result "0-1"]
[WhiteElo "1841"]
[BlackElo "1748"]
[PlyCount "110"]
[EventDate "2016.01.03"]
[EventType "swiss"]
[EventRounds "7"]
[EventCountry "GER"]
[SourceTitle "EXT 2018"]
[Source "ChessBase"]
[SourceDate "2017.10.13"]
[SourceVersion "1"]
[SourceVersionDate "2017.10.13"]
[SourceQuality "1"]

1. Nc3 d5 2. e4 d4 3. Nce2 e5 4. d3 Nc6 5. f4 Bg4 6. h3 Bxe2 7. Nxe2 Bd6 8. f5 g6 9. fxg6 hxg6 10. c3 Qe7 11. g3 0-0-0 12. Bg2 Kb8 13. Rf1 Qd7 14. Qb3 Rf8 15. cxd4 exd4 16. Bf4 Ne5 17. Rc1 f6 18. Bd2 c5 19. Nf4 Ne7 20. Ne6 Nxd3+ 21. Qxd3 Qxe6 22. Bf4 Bxf4 23. gxf4 Rc8 24. Qg3 Ka8 25. Qf3 Qb6 26. Rf2 Rhe8 27. Kf1 Nc6 28. a3 Qb5+ 29. Kg1 Na5 30. Rd1 Nc4 31. Qe2 a6 32. Rb1 Ne3 33. Qxb5 axb5 34. Bf3 Ka7 35. b4 c4 36. Rd2 Red8 37. Kf2 Kb6 38. e5 fxe5 39. fxe5 Nf5 40. Rg1 Rg8 41. Bd5 Rg7 42. Be6 Rf8 43. Bd5 d3 44. a4 bxa4 45. Rc1 Nd4+ 46. Ke3 Nb3 47. Rxc4 Nxd2 48. Kxd2 Rd8 49. Be4 g5 50. e6 Rc7 51. Rxc7 Kxc7 52. b5 a3 53. b6+ Kxb6 54. Kc3 a2 55. Kb2 d2 0-1

[Event "Niedersachsen-ch op-B"]
[Site "Verden"]
[Date "2015.01.02"]
[Round "1"]
[White "Gawollek, Hans"]
[Black "Santos, Jose"]
[Result "0-1"]
[WhiteElo "1426"]
[BlackElo "1782"]
[PlyCount "34"]
[EventDate "2015.01.02"]
[EventType "swiss"]
[EventRounds "7"]
[EventCountry "GER"]
[SourceTitle "EXT 2018"]
[Source "ChessBase"]
[SourceDate "2017.10.13"]
[SourceVersion "1"]
[SourceVersionDate "2017.10.13"]
[SourceQuality "1"]

1. e4 d5 2. exd5 Qxd5 3. Nc3 Qa5 4. d4 c6 5. Bd2 Qc7 6. Nf3 Nf6 7. Bd3 Bg4 8. h3 Bh5 9. Be2 Nbd7 10. Be3 e6 11. a3 Bd6 12. Qd2 Nb6 13. Bg5 Nbd5 14. 0-0-0 Nxc3 15. Qxc3 Ne4 16. Qe3 Nxg5 17. Qxg5 Bf4+ 0-1

[Event "Niedersachsen-ch op-A"]
[Site "Verden"]
[Date "2014.01.03"]
[Round "3"]
[White "Freitag, Christian"]
[Black "Santos, Jose"]
[Result "1-0"]
[WhiteElo "1847"]
[BlackElo "1802"]
[PlyCount "80"]
[EventDate "2014.01.02"]
[EventType "swiss"]
[EventRounds "7"]
[EventCountry "GER"]
[SourceTitle "EXT 2016"]
[Source "ChessBase"]
[SourceDate "2015.10.08"]
[SourceVersion "1"]
[SourceVersionDate "2015.10.08"]
[SourceQuality "1"]

1. e4 c5 2. Nf3 d6 3. d4 cxd4 4. Nxd4 Nf6 5. Nc3 g6 6. Bc4 Bg7 7. Bb3 0-0 8. f3 Nc6 9. Be3 Nd7 10. h4 h5 11. Qd2 Na5 12. Bh6 Ne5 13. Bxg7 Kxg7 14. 0-0-0 Nxb3+ 15. cxb3 Qa5 16. g4 Rh8 17. gxh5 Rxh5 18. Rdg1 Bd7 19. f4 Nc6 20. f5 Qc5 21. Nde2 Rah8 22. Qf4 Ne5 23. Qg3 Bc6 24. Kb1 Qb4 25. a3 Qxb3 26. Nf4 Nc4 27. Nxh5+ Rxh5 28. Rh2 Nxa3+ 29. Kc1 Bxe4 30. Nxe4 Qc4+ 31. Nc3 Rxf5 32. bxa3 Rb5 33. h5 Rb3 34. Rc2 Rxa3 35. hxg6 Ra1+ 36. Nb1 Qb5 37. gxf7+ Kxf7 38. Qg8+ Kf6 39. Rg6+ Kf5 40. Qe6+ Kf4 1-0

[Event "Niedersachsen-ch op-A"]
[Site "Verden"]
[Date "2014.01.02"]
[Round "1"]
[White "Soellig, Martin"]
[Black "Santos, Jose"]
[Result "0-1"]
[WhiteElo "1857"]
[BlackElo "1802"]
[PlyCount "132"]
[EventDate "2014.01.02"]
[EventType "swiss"]
[EventRounds "7"]
[EventCountry "GER"]
[SourceTitle "EXT 2016"]
[Source "ChessBase"]
[SourceDate "2015.10.08"]
[SourceVersion "1"]
[SourceVersionDate "2015.10.08"]
[SourceQuality "1"]

1. e4 c5 2. Nc3 Nc6 3. g3 g6 4. Bg2 Bg7 5. Nge2 Nf6 6. 0-0 0-0 7. d3 d6 8. h3 h6 9. Be3 a6 10. Qd2 Kh7 11. Kh2 e6 12. f4 Qc7 13. Rae1 Rb8 14. g4 Ne7 15. Ng3 d5 16. e5 Nxg4+ 17. hxg4 d4 18. Nce4 dxe3 19. Qxe3 b6 20. Rh1 Nd5 21. Qf2 g5 22. fxg5 Bxe5 23. Nf6+ Nxf6 24. gxf6 Bb7 25. Be4+ Bxe4 26. Rxe4 Rg8 27. Qe3 Bd4 28. Qd2 Rg6 29. Kg2 Rxf6 30. Re2 Rg8 31. g5 Qc6+ 32. Ne4 Rfg6 33. Kh3 hxg5 34. Kg3+ Kg7 35. Rg2 Be5+ 36. Kf2 Bf4 37. Qe2 Qa4 38. Rhg1 Kf8 39. c3 Qxa2 40. c4 Qa4 41. Nc3 Qd7 42. Qf3 Qd4+ 43. Ke2 Qe5+ 44. Kd1 Qe3 45. Qxe3 Bxe3 46. Re1 Bd4 47. Na4 b5 48. cxb5 axb5 49. Nb6 f5 50. Nd7+ Ke7 51. Ne5 Bxe5 52. Rxe5 Kd6 53. d4 cxd4 54. Rxb5 Rh8 55. Re2 g4 56. Rb4 Kc5 57. Rb7 g3 58. Rg2 Rh2 59. Rg1 g2 60. Ke2 Rh1 61. Kf2 Rxg1 62. Kxg1 Kd5 63. b4 d3 64. b5 e5 65. b6 Kc6 66. Rf7 d2 0-1

[Event "Niedersachsen-ch op-A"]
[Site "Verden"]
[Date "2013.01.04"]
[Round "3"]
[White "Falk, Tobias"]
[Black "Santos, Jose"]
[Result "1-0"]
[WhiteElo "2002"]
[BlackElo "1762"]
[PlyCount "79"]
[EventDate "2013.01.03"]
[EventType "swiss"]
[EventRounds "7"]
[EventCountry "GER"]
[SourceTitle "EXT 2014"]
[Source "ChessBase"]
[SourceDate "2013.11.20"]
[SourceVersion "1"]
[SourceVersionDate "2013.11.20"]
[SourceQuality "1"]

1. c4 Nf6 2. d4 g6 3. f3 c5 4. d5 b5 5. e4 d6 6. cxb5 Bg7 7. Ne2 a6 8. Nec3 0-0 9. bxa6 Bxa6 10. Bxa6 Nxa6 11. Nd2 Nd7 12. 0-0 Ne5 13. Qe2 Nb4 14. Nc4 Nxc4 15. Qxc4 Nc2 16. Rb1 Bd4+ 17. Kh1 Ne3 18. Bxe3 Bxe3 19. a4 Ra5 20. Nb5 Bd2 21. f4 f6 22. Rbd1 Bb4 23. b3 Qb8 24. Rd3 Kg7 25. Rdf3 Ra8 26. Rd1 Ra5 27. Rdf1 Ra8 28. g4 Ra5 29. Qe2 Qb7 30. Qd3 Qb8 31. g5 f5 32. e5 dxe5 33. fxe5 f4 34. d6 exd6 35. exd6 Rxb5 36. axb5 Rd8 37. Rxf4 Qa8+ 38. Kg1 c4 39. Qd4+ Kg8 40. Rf7 1-0

[Event "Werther Schloss op-C 12th"]
[Site "Werther"]
[Date "2006.04.09"]
[Round "5"]
[White "Santos, Jose"]
[Black "Paneff, Florian"]
[Result "1/2-1/2"]
[WhiteElo "1765"]
[BlackElo "1708"]
[PlyCount "45"]
[EventDate "2006.04.07"]
[EventType "swiss"]
[EventRounds "5"]
[EventCountry "GER"]
[SourceTitle "EXT 2008"]
[Source "ChessBase"]
[SourceDate "2007.11.25"]
[SourceVersion "1"]
[SourceVersionDate "2007.11.25"]
[SourceQuality "1"]

1. d4 Nf6 2. Nf3 d5 3. e3 Bg4 4. c4 e6 5. Qb3 Qc8 6. Ne5 Bf5 7. Bd3 Bxd3 8. Qxd3 Nbd7 9. Nxd7 Qxd7 10. 0-0 c6 11. a3 Bd6 12. Nc3 0-0 13. e4 dxe4 14. Nxe4 Nxe4 15. Qxe4 Be7 16. Bf4 Bf6 17. Rad1 Rad8 18. Be5 Bxe5 19. Qxe5 Qd6 20. Rfe1 Rd7 21. Qh5 Qf4 22. g3 Qf6 23. Re5 1/2-1/2

[Event "Werther Schloss op-C 12th"]
[Site "Werther"]
[Date "2006.04.08"]
[Round "2"]
[White "Tannebaum, Guenter"]
[Black "Santos, Jose"]
[Result "0-1"]
[WhiteElo "1660"]
[BlackElo "1765"]
[PlyCount "124"]
[EventDate "2006.04.07"]
[EventType "swiss"]
[EventRounds "5"]
[EventCountry "GER"]
[SourceTitle "EXT 2008"]
[Source "ChessBase"]
[SourceDate "2007.11.25"]
[SourceVersion "1"]
[SourceVersionDate "2007.11.25"]
[SourceQuality "1"]

1. d4 Nf6 2. Nf3 c5 3. e3 d5 4. b3 cxd4 5. exd4 Nc6 6. Bb2 Bg4 7. Be2 e6 8. 0-0 Be7 9. Re1 0-0 10. Nbd2 Rc8 11. a3 Bxf3 12. Bxf3 Qb6 13. Nf1 Na5 14. Re2 Rfd8 15. Ne3 Bd6 16. Ng4 Nxg4 17. Bxg4 Bf8 18. Rb1 Re8 19. Rd2 g6 20. h4 h5 21. Bf3 Bg7 22. Ba1 Qc7 23. g3 Nc6 24. Rc1 Bh6 25. c4 Bxd2 26. Qxd2 Qa5 27. Qg5 Ne7 28. Bxh5 Qd8 29. Be2 Nf5 30. Qf4 Qd6 31. Qg5 dxc4 32. h5 Qd8 33. Qf4 cxb3 34. Rd1 Rc2 35. Bd3 b2 36. Bxc2 bxa1Q 37. Rxa1 Qxd4 38. Qxd4 Nxd4 39. Ba4 Rc8 40. hxg6 fxg6 41. Kg2 Rc3 42. Be8 Kg7 43. a4 b6 44. Rd1 Rc4 45. Rh1 Nb3 46. Rd1 Nc5 47. Rd8 Kf6 48. Rc8 Rb4 49. a5 Rb2 50. axb6 axb6 51. Bc6 Kg5 52. Rf8 b5 53. Kf1 b4 54. Rb8 Nd3 55. Rb5+ Kf6 56. f3 Ne5 57. Be4 Nc4 58. Bd3 Ne3+ 59. Ke1 Nf5 60. g4 Nd4 61. Rb6 Nxf3+ 62. Kd1 Rd2+ 0-1